[Event "Deutsche Ländermeisterschaft 2013"]
[Site "Hannover GER"]
[Date "2013.10.03"]
[Round "3"]
[White "Kololli, Martin"]
[Black "Schreiber, Kevin"]
[Result "1-0"]
[Termination "normal"]
[Board "9.1"]
[WhiteTitle "14"]
[BlackTitle "18"]
[WhiteElo "1988"]
[BlackElo "1914"]
[WhiteTeam "Team Nord"]
[BlackTeam "Mecklenburg-Vorpommern"]
[WhiteFideId "12936910"]
[BlackFideId "24655830"]
[EventCountry "GER"]
[EventRounds "7"]
[EventType "team-swiss"]
[EventDate "2013.10.02"]

1. e4 d5 2. exd5 Qxd5 3. Nc3 Qd6 4. d4 Nf6 5. g3 c6 6. Bg2 Bg4 7. Nge2 e6 8.
Bf4 Qb4 9. O-O Nbd7 10. Qd2 Be7 11. a3 Qb6 12. Rfe1 O-O 13. Nc1 Rfe8 14. Bf1
Nd5 15. Nxd5 cxd5 16. c3 Bd6 17. Bxd6 Qxd6 18. Bb5 Bf5 19. Nd3 Bxd3 20. Qxd3 a6
21. Bxd7 Qxd7 22. f4 b5 23. Re5 a5 24. Rae1 f6 25. R5e3 Rab8 26. Qe2 Rb6 27. f5
Kf7 28. Qh5+ Kg8 29. Qh3 e5 30. dxe5 Rxe5 31. Rxe5 fxe5 32. Rxe5 d4 33. Qh5 Rb8
34. Qd1 d3 35. Qb3+ Kf8 36. Qd5 Rd8 37. Qxd7 Rxd7 38. Re1 b4 39. axb4 axb4 40.
cxb4 Rb7 41. Rd1 Rxb4 42. Rd2 Kf7 43. Kf2 Kf6 44. Ke3 Kxf5 45. Kxd3 Ke5 46. Kc3
Re4 47. b4 Re1 48. b5 Rb1 49. Kc4 Ke6 50. Kc5 h5 51. Kc6 Rc1+ 52. Kb7 Ke7 53.
b6 Rc3 54. Kb8 Rc4 55. b7 Ra4 56. Rd5 1-0

[Event "Deutsche Ländermeisterschaft 2013"]
[Site "Hannover GER"]
[Date "2013.10.03"]
[Round "3"]
[White "Ispirjan, Mikael"]
[Black "Celmer, Ole"]
[Result "0-1"]
[Termination "normal"]
[Board "9.2"]
[WhiteTitle "18"]
[BlackTitle "20"]
[WhiteElo "1964"]
[BlackElo "1908"]
[WhiteTeam "Mecklenburg-Vorpommern"]
[BlackTeam "Team Nord"]
[WhiteFideId "1271217"]
[BlackFideId "24657107"]
[EventCountry "GER"]
[EventRounds "7"]
[EventType "team-swiss"]
[EventDate "2013.10.02"]

1. e4 e5 2. Nf3 Nc6 3. Bb5 f5 4. Qe2 fxe4 5. Bxc6 dxc6 6. Qxe4 Nf6 7. Qxe5+ Be7
8. d3 O-O 9. Be3 Nd5 10. d4 Bd6 11. Qg5 Qe8 12. Ne5 Rf5 13. Qg3 Rxe5 14. dxe5
Bxe5 15. Qf3 Bxb2 16. O-O Nxe3 17. fxe3 Bxa1 18. c3 Be6 19. Qe2 Qg6 20. e4 b5
21. Qc2 b4 22. cxb4 Bd4+ 23. Kh1 Bd5 24. Nd2 Be3 25. Rf5 Bxd2 26. exd5 Re8 27.
h3 Re1+ 28. Kh2 Bf4+ 0-1

[Event "Deutsche Ländermeisterschaft 2013"]
[Site "Hannover GER"]
[Date "2013.10.03"]
[Round "3"]
[White "Beeck, Mats"]
[Black "Siegert, Gregor"]
[Result "1-0"]
[Termination "normal"]
[Board "9.3"]
[WhiteTitle "16"]
[BlackTitle "16"]
[WhiteElo "1832"]
[BlackElo "1826"]
[WhiteTeam "Team Nord"]
[BlackTeam "Mecklenburg-Vorpommern"]
[WhiteFideId "12936944"]
[BlackFideId "1271250"]
[EventCountry "GER"]
[EventRounds "7"]
[EventType "team-swiss"]
[EventDate "2013.10.02"]

1. d4 Nf6 2. c4 g6 3. Nc3 Bg7 4. e4 d6 5. Nf3 O-O 6. h3 e5 7. d5 a5 8. Bg5 Na6
9. Qc2 h6 10. Be3 Bd7 11. Be2 Qe8 12. O-O Nh7 13. Nd2 f5 14. f4 exf4 15. Bxf4
g5 16. Bh2 f4 17. a3 a4 18. Rae1 Nc5 19. Nb5 Rc8 20. Na7 Ra8 21. Nb5 Rc8 22.
Na7 Rd8 23. Nb5 Qe5 24. b4 axb3 25. Nxb3 c6 26. Nc7 Qxe4 27. Qxe4 Nxe4 28. Bf3
Nc5 29. Nxc5 Bd4+ 30. Kh1 Bxc5 31. Rb1 Rf7 32. Ne6 Bxe6 33. dxe6 Re7 34. Rb3
Ra8 35. Bh5 Rxa3 36. Bf7+ Kg7 37. Rxa3 Bxa3 38. Ra1 Bc5 39. g3 fxg3 40. Bxg3
Nf8 41. Re1 Ng6 42. Kg2 b5 43. cxb5 cxb5 44. Kf3 Nf8 45. Kg4 b4 46. h4 Nh7 47.
Rd1 b3 48. Be1 Ra7 49. Bc3+ Kf8 50. Kh5 Ke7 51. Kxh6 Nf8 52. hxg5 Nxe6 53. g6
Be3+ 54. Kh5 Rc7 55. Bxe6 Kxe6 56. g7 Rc5+ 57. Kg4 Rc8 58. Re1 Kf7 59. Rxe3 1-0

[Event "Deutsche Ländermeisterschaft 2013"]
[Site "Hannover GER"]
[Date "2013.10.03"]
[Round "3"]
[White "Schmekel, Florian"]
[Black "Mieck, Jale"]
[Result "0-1"]
[Termination "normal"]
[Board "9.4"]
[WhiteTitle "14"]
[BlackTitle "18"]
[WhiteElo "1714"]
[BlackElo "1678"]
[WhiteTeam "Mecklenburg-Vorpommern"]
[BlackTeam "Team Nord"]
[WhiteFideId "12913456"]
[BlackFideId "12936871"]
[EventCountry "GER"]
[EventRounds "7"]
[EventType "team-swiss"]
[EventDate "2013.10.02"]

1. d4 d5 2. c4 c6 3. cxd5 cxd5 4. Nc3 e6 5. Bf4 Nf6 6. e3 Bd6 7. Bxd6 Qxd6 8.
Nf3 a6 9. Bd3 Nc6 10. a3 O-O 11. O-O b5 12. b4 h6 13. Qc2 Bb7 14. Nd2 Ng4 15.
g3 e5 16. Bf5 Bc8 17. Ne2 e4 18. Bxc8 Raxc8 19. Qa2 f5 20. Nf4 Rfd8 21. Rac1 g5
22. Ng2 Kh7 23. Rc5 Rc7 24. Rfc1 Nf6 25. Qb3 Rg8 26. f4 Rgc8 27. a4 Na7 28.
Rxc7+ Rxc7 29. Rc5 Rxc5 30. bxc5 Qc6 31. axb5 Nxb5 32. Qb4 Ne8 33. Nb3 Nec7 34.
Qa5 Kg7 35. Qb6 Qf6 36. c6 Qd6 37. Nc5 a5 38. Nb7 Qa3 39. Qxa5 Qc1+ 40. Qe1
Qxc6 $11 41. Nc5 Na6 42. Nxa6 Qxa6 43. fxg5 hxg5 44. h4 gxh4 45. gxh4 Qg6 46.
Qb4 Nd6 47. Qc5 Nc4 48. Kf2 Qg4 49. Qe7+ Kh8 50. Qd8+ Kh7 51. Qc7+ Kh8 52. Qf4
Nxe3 53. Qxe3 Qd1 54. Qh6+ Kg8 55. Qe6+ Kh8 56. Qe5+ Kh7 57. Qxf5+ Kg7 58. Qg5+
Kh7 59. Qh5+ Qxh5 0-1

[Event "Deutsche Ländermeisterschaft 2013"]
[Site "Hannover GER"]
[Date "2013.10.03"]
[Round "3"]
[White "Edel, Fenja"]
[Black "Schumann, Rabea"]
[Result "0-1"]
[Termination "normal"]
[Board "9.5"]
[WhiteTitle "16w"]
[BlackTitle "14w"]
[WhiteElo "1636"]
[BlackElo "1562"]
[WhiteTeam "Team Nord"]
[BlackTeam "Mecklenburg-Vorpommern"]
[WhiteFideId "24696749"]
[BlackFideId "12918199"]
[EventCountry "GER"]
[EventRounds "7"]
[EventType "team-swiss"]
[EventDate "2013.10.02"]

1. e4 c5 2. Nc3 Nc6 3. Bb5 g6 4. Bxc6 bxc6 5. f4 Bg7 6. Nf3 e6 7. d3 d5 8. O-O
Ne7 9. Qe1 O-O 10. Qh4 f5 11. e5 Re8 12. b3 c4 13. dxc4 dxc4 14. Rd1 Qb6+ 15.
Kh1 cxb3 16. cxb3 Nd5 17. Na4 Qb4 18. Bd2 Qe7 19. Qf2 Bf8 20. Rac1 Qa3 21. Nd4
c5 22. Nb5 Qxa2 23. Qf3 c4 24. Nbc3 Qxb3 25. Rb1 Qa3 26. Nxd5 exd5 27. Qxd5+
Be6 28. Qc6 Rac8 29. Qb5 Rb8 30. Qa5 Rxb1 31. Rxb1 Qd3 32. Rg1 Qd4 33. Bc1 Rc8
34. Qa6 Kf7 35. Qb7+ Qd7 36. Qxd7+ Bxd7 37. Nc3 Ke6 38. Rd1 Bc6 39. Kg1 Bb4 40.
Bb2 Rc7 41. Ne2 Bc5+ 42. Kf1 Rd7 43. Rxd7 Bxd7 44. Bd4 Bxd4 45. Nxd4+ Kd5 46.
Ne2 a5 47. Ke1 a4 48. Kd2 Ke4 49. g3 Kf3 50. Nd4+ Kg2 51. e6 Be8 52. Kc3 Kxh2
53. Ne2 a3 54. e7 Kg2 55. Kc2 Kf2 56. Nd4 Kxg3 57. Ne6 h5 58. Ng7 Ba4+ 59. Kb1
h4 0-1

[Event "Deutsche Ländermeisterschaft 2013"]
[Site "Hannover GER"]
[Date "2013.10.03"]
[Round "3"]
[White "Schamber, Dennis"]
[Black "Biastoch, Bennet"]
[Result "0-1"]
[Termination "normal"]
[Board "9.6"]
[WhiteTitle "12"]
[BlackTitle "12"]
[WhiteElo "1544"]
[BlackElo "1643"]
[WhiteTeam "Mecklenburg-Vorpommern"]
[BlackTeam "Team Nord"]
[WhiteFideId "12952176"]
[BlackFideId "12939889"]
[EventCountry "GER"]
[EventRounds "7"]
[EventType "team-swiss"]
[EventDate "2013.10.02"]

1. e4 c5 2. Nf3 d6 3. d4 cxd4 4. Nxd4 Nf6 5. Nc3 a6 6. Be3 e5 7. Nb3 Be6 8. Be2
Be7 9. O-O O-O 10. f3 Nbd7 11. Qd2 b5 12. Nc1 Nb6 13. a3 d5 14. exd5 Nbxd5 15.
Nxd5 Nxd5 16. Bf2 Bg5 17. Qe1 f5 18. Nd3 Ne3 19. Bxe3 Bxe3+ 20. Kh1 Qf6 21. f4
e4 22. Nb4 Qxb2 23. Bxb5 Bd4 24. Bxa6 Qxa1 25. Qxa1 Bxa1 26. Rxa1 Rab8 27. Kg1
Rb6 28. a4 Rxb4 0-1

[Event "Deutsche Ländermeisterschaft 2013"]
[Site "Hannover GER"]
[Date "2013.10.03"]
[Round "3"]
[White "Sauer, Annika"]
[Black "Wagner, Swenja"]
[Result "1-0"]
[Termination "normal"]
[Board "9.7"]
[WhiteTitle "14w"]
[BlackTitle "16w"]
[WhiteElo "1526"]
[BlackElo "1376"]
[WhiteTeam "Team Nord"]
[BlackTeam "Mecklenburg-Vorpommern"]
[WhiteFideId "12952052"]
[BlackFideId "12900494"]
[EventCountry "GER"]
[EventRounds "7"]
[EventType "team-swiss"]
[EventDate "2013.10.02"]

1. d4 d5 2. Nf3 Nf6 3. e3 e6 4. c4 c5 5. Nc3 Nc6 6. cxd5 exd5 7. Bb5 Bd6 8. O-O
O-O 9. b3 Qc7 10. dxc5 Be5 11. Nxe5 Qxe5 12. Bxc6 bxc6 13. Qd4 Qc7 14. Bb2 Ba6
15. Rfe1 Rfe8 16. e4 Ng4 17. g3 Ne5 18. Re3 dxe4 19. Nxe4 f6 20. Nd6 Red8 21.
Rae1 Kf8 22. Qh4 h6 23. Bxe5 fxe5 24. Rxe5 Bd3 25. Qh5 Kg8 26. Re7 Rd7 27. Qf7+
1-0

[Event "Deutsche Ländermeisterschaft 2013"]
[Site "Hannover GER"]
[Date "2013.10.03"]
[Round "3"]
[White "Eulitz, Charlotte"]
[Black "Brunner, Sophia"]
[Result "0-1"]
[Termination "normal"]
[Board "9.8"]
[WhiteTitle "12w"]
[BlackTitle "12w"]
[WhiteElo "1056"]
[BlackElo "1325"]
[WhiteTeam "Mecklenburg-Vorpommern"]
[BlackTeam "Team Nord"]
[WhiteFideId "12964654"]
[BlackFideId "12960683"]
[EventCountry "GER"]
[EventRounds "7"]
[EventType "team-swiss"]
[EventDate "2013.10.02"]

1. e4 c6 2. d4 d5 3. exd5 cxd5 4. Nc3 Nf6 5. Bf4 Bf5 6. Nf3 a6 7. Bd3 Bxd3 8.
Qxd3 Nc6 9. a3 e6 10. O-O-O Bd6 11. Bxd6 Qxd6 12. Rhe1 Ng4 13. Re2 Nxh2 14. Ne5
Nxe5 15. dxe5 Qe7 16. f3 Qg5+ 17. Kb1 Rc8 18. Rh1 Qh5 19. g4 Qg5 20. Rhxh2 Qg6
21. Qxg6 fxg6 22. Rd2 h6 23. g5 h5 24. Ne2 Rf8 25. f4 Kd7 26. Rd3 Rc4 27. Rh4
Rf5 28. Rd4 Rc5 29. b3 Ra5 30. Kb2 Rc5 31. c4 Rf8 32. cxd5 Rxd5 33. Kc3 Rc8+
34. Kd3 b5 35. Nc3 Rxd4+ 36. Kxd4 Rd8 37. b4 Kc6+ 38. Ke4 Ra8 39. Rh3 a5 40.
Rh2 axb4 41. axb4 Ra3 42. Rc2 Kb6 43. Kd4 Rb3 44. Na2 h4 45. Rh2 h3 46. Rf2 Rg3
47. Nc3 Rg2 48. Rxg2 hxg2 49. Ne2 Kc6 50. Ke4 Kb6 51. Kf3 Kc6 52. Kxg2 Kd5 53.
Nc3+ Kc4 54. Nb1 Kxb4 55. Kf2 Kc4 56. Ke3 b4 57. Kd2 Kd4 58. Ke2 Ke4 59. Nd2+
Kxf4 60. Nc4 Kxg5 61. Kd2 Kf4 62. Kc2 g5 63. Kb3 g4 64. Nb2 g3 65. Nd3+ Ke3 66.
Ne1 Ke2 67. Ng2 Kf2 68. Nf4 g2 69. Nxg2 Kxg2 70. Kxb4 Kf3 71. Kc4 Ke4 72. Kc3
Kxe5 73. Kd3 Kf4 74. Ke2 Ke4 75. Kf2 Kd3 76. Kf3 e5 77. Kf2 e4 78. Kf1 Kd2 79.
Kf2 e3+ 80. Kf3 e2 81. Kg4 e1=Q 82. Kg5 Qf2 83. Kg6 Ke3 84. Kh7 g5 85. Kg6 Ke4
86. Kh5 g4 87. Kg5 g3 88. Kh4 Kf5 89. Kh3 Qh2# 0-1